00258nam a2200097 a 450000500170000000800410001705000210005824500260007926000400010544000150014520140414132051.0110712s19uu xx 00 eng d aREF 031bCHI V.8 aChildcraft: About Us. aChicago :bWorld Book, Inc.,c1987. aChildcraft